| 000 | 00991nam a2200301 i 4500 | ||
|---|---|---|---|
| 001 | 000017311 | ||
| 003 | DO-SdBNP | ||
| 005 | 20250210133628.0 | ||
| 007 | ta | ||
| 008 | 100322s1995 dr a 000 0 spa d | ||
| 040 |
_aDO-SdBNP _bspa _cBNPHU _erda |
||
| 041 | _hspa | ||
| 082 |
_axxx _bT266r _222 |
||
| 100 | 1 |
_aTejada Ortiz, Dagoberto, _d1940- _eautor _933526 |
|
| 245 | 1 | 0 |
_aReligiosidad popular dominicana y psiquiatría / _cDagoberto Tejada Ortíz, Fernando Sánchez Martínez, César Mella Mejías. |
| 250 | _asegunda edición | ||
| 264 |
_aSanto Domingo : _bCorripio, _c1995. |
||
| 300 |
_a112 páginas : _bilustraciones ; _c24 cm. |
||
| 336 |
_ardacontent _btexto _2txt |
||
| 337 |
_ardamedia _bsin mediación _2n |
||
| 338 |
_ardacarrier _bvolumen _2nc |
||
| 500 | _aIncluye notas al pie de las páginas | ||
| 590 | _aInventariado, 2025/DG | ||
| 700 | 1 |
_aSánchez Martínez, Fernando _97183 |
|
| 700 | 1 |
_aMella Mejías, César _d1950- _9210 |
|
| 910 | _aDG | ||
| 942 |
_2ddc _cLBS1 |
||
| 999 |
_c16836 _d16836 |
||